1173 1627 1806 1103 1509 1920 1203 1879 1036 1459 1449 1824 1643 1678 1253 1856 1913 1215 1339 1964 1865 1242 1167 1768 1862 1415 1711 1226 1141 1401 1995 1822 1741 1624 1356 1927 1471 1289 1290 1842 1283 1463 1495 1348 1592 1030 1006 1492 1890 1827 1704 1466 1922 1813 1813 1363 1911 1090 1514 1041 1188 1692 1925 1943 1300 1059 1521 1178 1281 1655 1646 1189 1845 1962 1717 1464 1075 1100 1340 1815 1811 1644 1400 1776 1813 1776 1449 1014 1243 1652 1981 1866 1272 1056 1007 1252 1747 1150 1717 BCNSPRNW ULIB Ver.6.0+V

เปลี่ยนเป็นภาษาไทย

Change to English
 แสดงรายละเอียดบรรณานุกรม
  กลับหน้าหลัก

Brief Record : Get Marc (ISO 2709) : E-mail record : QR code < ปิดหน้าต่าง
LEADER : 00000nam 2200000uu 4500
001    13399122505
003     ULIB
008    020711s2548 th a 000 0 tha d
020    9789749300107
090    นว.^bม712C
100    แม็กซ์ อัลลัน คอลลินส์
110    อินเตอร์บุ๊คส์
245    CSI : ไขปมคดีปริศนา ตอน นรกเย็น/^cแม็กซ์ อัลลัน คอลลินส์
250    พิมพ์ครั้งที่ 1
260    กรุงเทพฯ :^bอินเตอร์บุ๊คส์,^c2548
300    376 หน้า
945    ^p250^l0^i19964
999    ^aทศพร เกษรทอง
รายการนี้ยังไม่มีแท็ก
คุณยังไม่ได้ล็อกอิน คุณสามารถมีกิจกรรมร่วมกับเว็บไซต์ได้ แต่ต้องล็อกอินก่อน ::
  ล็อกอิน

รายการสื่อสารสนเทศ

ลำดับที่ ประเภท เลขเรียก/บาร์โค้ด สถานที่ สถานะ
1. นวนิยาย
นวนิยาย
นว. ม712C  
  Barcode: 19964
ห้องสมุดวิทยาเขตสวรรค์ประชารักษ์
►นวนิยาย
บนชั้น
  ขอยืม

BibComment


ยังไม่เคยถูกคอมเมนท์

คอมเมนท์ทรัพยากรรายการนี้
  คอมเมนท์: CSI ไขปมคดีปริศน..


 Copyright 2026. Bcnsprnw @Library